| 000 | 00783nam a22002417a 4500 | ||
|---|---|---|---|
| 003 | OSt | ||
| 005 | 20140310181919.0 | ||
| 008 | 130717t xxu||||| |||| 00| 0 eng d | ||
| 020 | _a9780199148523 | ||
| 050 |
_aQA 37.2 _b.C241 2003 |
||
| 082 |
_aTR 510 _bC237c 2003 |
||
| 100 |
_aCapewell, David _91333 |
||
| 245 |
_aFramework maths : _b teacher's book 8C / _cDavid Capewell |
||
| 260 |
_aOxford : _bOxford University Press, . _cc2003 |
||
| 300 |
_a278 p. : _bill. ; _c28 cm. |
||
| 521 | _aFaculty | ||
| 541 | _j1 | ||
| 562 | _e1 | ||
| 650 |
_aMathematics _xStudy and teaching (Secondary) _xGreat Britain. _91399 |
||
| 650 |
_aMathematics _xProblems, exercises, etc. _xJuvenile literature. _91400 |
||
| 650 |
_aMathematics _xTextbooks _91401 |
||
| 942 |
_2lcc _cBK-TR _kTR |
||
| 999 |
_c6894 _d6894 |
||